[Event "Tal memorial 2009"]
[Site "Moscú RUS"]
[Date "2009.11.05"]
[Round "1.4"]
[White "Gelfand, Boris"]
[Black "Ponomariov, Ruslan"]
[Result "1/2-1/2"]
[WhiteElo "2756"]
[BlackElo "2739"]
[PlyCount "58"]
[EventDate "2009.11.05"]
[EventType "tourn"]
[EventRounds "9"]
[EventCountry "RUS"]
[EventCategory "21"]
[Source "lmi"]
[SourceDate "2009.11.05"]

1. d4 e6 2. c4 Nf6 3. Nf3 d5 4. g3 Bb4+ 5. Bd2 Bd6 6. Bg2 c6 7. O-O Nbd7 8. Nc3
dxc4 9. Bg5 h6 10. Bxf6 Qxf6 11. Ne4 Qe7 12. Nfd2 Nb6 13. f4 O-O 14. Qc2 c5 15.
Nxc4 Nxc4 16. Qxc4 cxd4 17. Nxd6 Qxd6 18. Rad1 e5 19. fxe5 Qxe5 20. Qxd4 Qxd4+
21. Rxd4 Be6 22. Bxb7 Rab8 23. Bd5 Bxd5 24. Rxd5 Rxb2 25. Ra5 Re8 26. Rxa7
Rexe2 27. Rfxf7 Re1+ 28. Rf1 Ree2 29. Rff7 Re1+ 1/2-1/2

[Event "Tal memorial 2009"]
[Site "Moscú RUS"]
[Date "2009.11.05"]
[Round "1.5"]
[White "Morozevich, Alexander"]
[Black "Leko, Peter"]
[Result "1/2-1/2"]
[WhiteElo "2750"]
[BlackElo "2762"]
[PlyCount "78"]
[EventDate "2009.11.05"]
[EventType "tourn"]
[EventRounds "9"]
[EventCountry "RUS"]
[EventCategory "21"]
[Source "lmi"]
[SourceDate "2009.11.05"]

1. e4 e5 2. Nf3 Nc6 3. d4 exd4 4. Nxd4 Bc5 5. Nxc6 Qf6 6. Qf3 bxc6 7. Nc3 d6 8.
Qg3 Qg6 9. Bd2 Nf6 10. f3 O-O 11. O-O-O Nd7 12. Qxg6 hxg6 13. h4 a5 14. h5 gxh5
15. Rxh5 g6 16. Rh2 Bg1 17. Rh1 Bd4 18. a4 Bg7 19. b3 Ne5 20. Be2 Ba6 21. Bxa6
Rxa6 22. Rh3 Re8 23. Rdh1 Nd7 24. g4 Raa8 25. g5 Nc5 26. Ne2 Ne6 27. f4 Nc5 28.
f5 gxf5 29. exf5 Rxe2 30. f6 Rxd2 31. Rh7 Rxc2+ 32. Kxc2 Ne6 33. fxg7 Ra7 34.
R1h5 Rb7 35. Kc3 c5 36. Rh8+ Kxg7 37. R8h7+ Kg8 38. Rh8+ Kg7 39. R8h7+ Kg8
1/2-1/2

[Event "Tal memorial 2009"]
[Site "Moscú RUS"]
[Date "2009.11.06"]
[Round "2.3"]
[White "Carlsen, Magnus"]
[Black "Morozevich, Alexander"]
[Result "1/2-1/2"]
[WhiteElo "2801"]
[BlackElo "2750"]
[PlyCount "79"]
[EventDate "2009.11.05"]
[EventType "tourn"]
[EventRounds "9"]
[EventCountry "RUS"]
[EventCategory "21"]
[Source "lmi"]
[SourceDate "2009.11.05"]

1. d4 Nf6 2. c4 e6 3. Nc3 Bb4 4. f3 d5 5. a3 Bxc3+ 6. bxc3 c5 7. cxd5 Nxd5 8.
dxc5 Qa5 9. e4 Nf6 10. Be3 O-O 11. Qb3 Na6 12. Nh3 Nd7 13. Bxa6 Qxa6 14. c4 Ne5
15. Rc1 Bd7 16. Qc3 f6 17. O-O Ba4 18. Nf4 Rfd8 19. Bd4 Ng6 20. Nxg6 hxg6 21.
e5 f5 22. h4 Rd7 23. Rf2 Rad8 24. Rd2 Qc6 25. Kh2 Qc7 26. Qe3 Kf7 27. Kg3 Rh8
28. Qf4 Qd8 29. Rb1 Bc6 30. Rbb2 Qa5 31. Be3 Rxd2 32. Rxd2 Qxa3 33. Qd4 Rc8 34.
Rd1 Qa5 35. Ra1 Qd8 36. Qxd8 Rxd8 37. Rxa7 Rd3 38. Bg5 Rd4 39. Be3 Rxc4 40. Ra8
1/2-1/2